书目信息 |
| 题名: |
新媒体艺术史纲
|
|
| 作者: | 陈玲 | |
| 分册: | ||
| 出版信息: | 北京 清华大学出版社 2007 |
|
| 页数: | 347 | |
| 开本: | 20cm | |
| 丛书名: | ||
| 单 册: | ||
| 中图分类: | J94 | |
| 科图分类: | ||
| 主题词: | 电影工作--组织 , 电影工作--管理 | |
| 电子资源: | ||
| ISBN: | 7-302-14061-0 | |
| 000 | 00520nam0 2200193 450 | |
| 001 | 0754273534 | |
| 005 | 20071011150433.53 | |
| 010 | @a7-302-14061-0@d29 | |
| 100 | @a20071011d km y0chiy0120 ea | |
| 101 | 0 | @achi |
| 200 | 1 | @a新媒体艺术史纲@Axin mei ti yi shu shi gang@f陈玲@Fchen ling |
| 210 | @a北京@c清华大学出版社@d2007 | |
| 215 | @a347@d20cm | |
| 606 | 0 | @a电影工作@x组织 |
| 606 | 0 | @a电影工作@x管理 |
| 690 | @aJ94@v3 | |
| 701 | 0 | @a陈玲@Achen ling |
| 801 | 0 | @aCN@bPFT@c20071011 |
| 905 | @a213230@dJ94@eZW224@f1 | |
| 新媒体艺术史纲/陈玲.-北京:清华大学出版社,2007 |
| 347;20cm |
| ISBN 7-302-14061-0:29 |
| ● |
| 相关链接 |
|
|
|
|
正题名:新媒体艺术史纲
索取号:J94/ZW224
 
预约/预借
| 序号 | 登录号 | 条形码 | 馆藏地/架位号 | 状态 | 备注 |
| 1 | 7603821 | 276038217 | 密集书库-文学院/ [索取号:J94/ZW224] | 在馆 |